Weird Animals A-Z - Statistics

General Stats
  • This quiz has been taken 542 times
  • The average score is 10 of 26
Answer Stats
Picture Hint Answer % Correct
C Capybara
84%
A Axolotl
82%
E Echidna
74%
N Naked Mole Rat
69%
W Wombat
67%
O Okapi
57%
P Pangolin
57%
Q Qokka
48%
D Dumbo Octopus
44%
B Bactrian Camel
43%
L Lamprey
42%
S Shoebill
41%
F Fossa
39%
K Kakapo
32%
T Tarsier
32%
J Jerboa
31%
Z Zebu
30%
M Marabou Stork
21%
H Hoatzin
19%
U Uakari
18%
G Gerenuk
17%
R Red-Lipped Batfish
16%
I Irrawaddy Dolphin
14%
Y Yellow-Eyed Penguin
14%
X Xerus
11%
V Visayan Warty Pig
8%
No matching quizzes found
Score Distribution
Percent of People with Each Score
Percentile by Number Answered
Your Score History
You have not taken this quiz